Nghệ thuật đọc diễn cảm Vũ Nho
Wedi'i Gadw mewn:
| Prif Awdur: | |
|---|---|
| Fformat: | Llyfr |
| Cyhoeddwyd: |
H.
thanh niên
1999
|
| Pynciau: | |
| Tagiau: |
Ychwanegu Tag
Dim Tagiau, Byddwch y cyntaf i dagio'r cofnod hwn!
|
| Thư viện lưu trữ: | Trung tâm Học liệu Lê Vũ Hùng, Trường Đại học Đồng Tháp |
|---|
| LEADER | 00695pam a22002418a 4500 | ||
|---|---|---|---|
| 001 | 00025443 | ||
| 005 | 20171026081023.0 | ||
| 008 | 110804s1999 ||||||Viesd | ||
| 041 | 0 | # | |a Vie |
| 082 | 1 | 4 | |a 418 |b NGH250TH |
| 100 | 0 | # | |a Vũ Nho |
| 245 | 0 | 0 | |a Nghệ thuật đọc diễn cảm |b Vũ Nho |
| 260 | # | # | |a H. |b thanh niên |c 1999 |
| 300 | # | # | |a 117tr. |c 21 cm. |
| 653 | # | # | |a nghệ thuật |
| 653 | # | # | |a Đọc diễn cảm |
| 852 | # | # | |b Kho giáo trình |j KGT.0022950 |
| 852 | # | # | |b Kho mượn |j KGT.0022950 |
| 852 | # | # | |j KGT.0022950 |
| 910 | 0 | # | |d 04/08/2011 |
| 980 | # | # | |a Trung tâm Học liệu Lê Vũ Hùng, Trường Đại học Đồng Tháp |